Statistics for Countries Entirely Between 20° and 30° North

Click here to take the quiz!

General Stats

  • This quiz has been taken 31 times
  • The average score is 3 of 6

Answer Stats

Country% Correct
Qatar
64%
Bahrain
57%
Bahamas
54%
United Arab Emirates
54%
Bhutan
50%
Bangladesh
46%

Score Distribution

Percentile by Number Answered

Percent of People with Each Score

Your Score History

You have not taken this quiz